000 01167nam a22003377a 4500
001 12119181
003 OSt
005 20210422050835.0
008 000726s2001 ilu 000 0 eng
010 _a 00061338
020 _a1567931472 (alk. paper)
040 _aDLC
_cDLC
_dDLC
042 _apcc
050 0 0 _aRA971
_b.T954 2001
080 _a005
_bT-99
082 0 0 _a362.1/068
_221
100 1 _aTyler, J. Larry.
245 1 0 _aPractical governance /
_cJ. Larry Tyler and Errol Biggs, with Lynn Kahn.
260 _aChicago:
_bHealth Administration Press,
_cc2001.
300 _axii, 198 p. ;
_c23 cm.
490 1 _aACHE management series
650 0 _aHospital trustees.
650 0 _aHealth services administration.
653 _aმენეჯმენტი
700 1 _aBiggs, Errol.
700 _aTitler,Lari.J
_9572
830 0 _aManagement series (Ann Arbor, Mich.)
906 _a7
_bcbc
_corignew
_d1
_eocip
_f20
_gy-gencatlg
942 _2udc
_cBK
999 _c747
_d747